Arkansas Cities Map Quiz - Statistics

General Stats
  • This quiz has been taken 529 times
  • The average score is 6 of 8
Answers on the Map
Answers color-coded by a green-red scale on the quiz's map according to % correct below.
 
Answer Stats
Answer % Correct
Little Rock
87%
Fayetteville
84%
Texarkana
78%
Fort Smith
77%
Hot Springs
74%
Jonesboro
71%
Mountain Home
65%
Pine Bluff
62%
No matching quizzes found
Score Distribution
Percent of People with Each Score
Percentile by Number Answered
Your Score History
You have not taken this quiz